introduction to biophysics (Record no. 329210)

000 -LEADER
fixed length control field 00770nam a22002291 4500
001 - CONTROL NUMBER
control field 273714
003 - CONTROL NUMBER IDENTIFIER
control field ASAB
005 - DATE AND TIME OF LATEST TRANSACTION
control field 20170426163122.0
008 - FIXED-LENGTH DATA ELEMENTS--GENERAL INFORMATION
fixed length control field 871214s1921 enka 000 0 eng
010 ## - LIBRARY OF CONGRESS CONTROL NUMBER
LC control number 22008378
020 ## - INTERNATIONAL STANDARD BOOK NUMBER
International Standard Book Number 81-219-3016-2
040 ## - CATALOGING SOURCE
Original cataloging agency DLC/ICU
Transcribing agency ASAB
Modifying agency DLC
050 00 - LIBRARY OF CONGRESS CALL NUMBER
Classification number QH505
Item number .B83
082 00 - DEWEY DECIMAL CLASSIFICATION NUMBER
Classification number 612.01
245 13 - TITLE STATEMENT
Title introduction to biophysics
Statement of responsibility, etc. by Pranab kumar banerjee
Remainder of title for the graduate & P.G. Students of biophysics, microbiology & biological sciences
260 ## - PUBLICATION, DISTRIBUTION, ETC.
Place of publication, distribution, etc. New Delhi
Name of publisher, distributor, etc. S.Chand & Company Ltd.
Date of publication, distribution, etc. 2008
300 ## - PHYSICAL DESCRIPTION
Extent x, 270 p. :
Other physical details illus.
Dimensions 25 cm.
650 #0 - SUBJECT ADDED ENTRY--TOPICAL TERM
Topical term or geographic name entry element Biophysics.
650 #0 - SUBJECT ADDED ENTRY--TOPICAL TERM
Topical term or geographic name entry element Physiology.
740 0# - ADDED ENTRY--UNCONTROLLED RELATED/ANALYTICAL TITLE
Uncontrolled related/analytical title Biophysics.
906 ## - LOCAL DATA ELEMENT F, LDF (RLIN)
a 7
b cbc
c orignew
d u
e ocip
f 19
g y-gencatlg
942 ## - ADDED ENTRY ELEMENTS (KOHA)
Source of classification or shelving scheme
Koha item type Book
Holdings
Withdrawn status Lost status Source of classification or shelving scheme Damaged status Not for loan Collection code Permanent Location Current Location Date acquired Total Checkouts Full call number Barcode Date last seen Price effective from Koha item type
            Atta-ur-Rahman School of Applied Biosciences (ASAB) Atta-ur-Rahman School of Applied Biosciences (ASAB) 04/26/2017   612.01 KUM ASAB1911 04/26/2017 04/26/2017 Book
© 2023 Central Library, National University of Sciences and Technology. All Rights Reserved.